LEADER 00504naa a2200145 i 4500 001 000000301051 003 CaOOAMICUS 005 20180831172714.0 008 180831n xx u000 u und u 013 $a8773 040 $aSeMil$bita 100 1 $aHugueny, Ét. .$0(OLS)http://semarc/name/86435 245 12$aL'État et l'individu. 773 0 $tMélanges thomistes.$dParis : Librairie Philosophique J. Vrin, 1934.$kBibliothèque thomiste$w()34999 996 $6245$aL'État et l'individu$9(OLS)http://semarc/title/377064 LEADER 00657nab a2200145 i 4500 001 000000317319 003 CaOOAMICUS 005 20180831173226.0 008 180831n it uu u0 0ita r 013 $a26401 040 $aSeMil$bita 100 1 $aDell'Orto, Umberto <1963- >.$0(OLS)http://semarc/name/15117 245 13$aLa struttura originaria della Costituzione Italiana in due decisivi interventi di Meuccio Ruini (6 febbraio e 12 marzo 1947) 773 0 $t[SENZA TITOLO].$gp.205-253$w()261362 996 $6245$aLa struttura originaria della Costituzione Italiana in due decisivi interventi di Meuccio Ruini (6 febbraio e 12 marzo 1947)$9(OLS)http://semarc/title/391287